000 00800nam a2200301Ia 4500
003 OSt
005 20220912150904.0
006 a|||||r|||| 00| 0
007 ta
008 220909b |||||||| |||| 00| 0 eng d
020 _a0387966757 (hbd)
024 _a13240
037 _cTextual
040 _aCSL
_beng
_cCSL
041 _aeng
082 _aB27, M8 TB
100 _aArmstrong M A
245 0 _aGroups and symmetry
260 _aNew York
_b Springer-Verlag
_c1988
300 _axi,186p.
_ccm.
490 _aUndergraduate texts in mathematics
500 _aBibliography p181.; Index 183-186p.
_ccm.
650 _a Groups
650 _a Symmetry
650 _aMathematics
942 _hB27, M8 TB
_cTEXL
_2CC
999 _c56893
_d56893